000 00653nam a2200277Ia 4500
005 20260324151004.0
008 008 260324s9999 xx 000 0 eng d
020 _a9780429402289
037 _aEBOOK
040 _aCRL
040 _beng
040 _cCRL
041 _2eng
041 _aeng
084 _qCRL
100 _aSidney Webb; Beatrice Webb
_91226281
245 0 _aEnglish Prisons Under Local Government
260 _bTaylor and Francis
260 _c1922
365 _a
365 _b165
856 _uhttp://www.taylorfrancis.com/books/9780429402289
942 _cEBOOK
999 _c1838701
_d1838701